ARTIFICIAL INTELLIGENCE (Record no. 216354)

MARC details
000 -LEADER
fixed length control field 00470nam a22001697a 4500
008 - FIXED-LENGTH DATA ELEMENTS--GENERAL INFORMATION
fixed length control field 251218b |||||||| |||| 00| 0 eng d
020 ## - INTERNATIONAL STANDARD BOOK NUMBER
International Standard Book Number 978-81-203-5046-5
100 ## - MAIN ENTRY--PERSONAL NAME
Personal name KULKARNI, PARAG
245 ## - TITLE STATEMENT
Title ARTIFICIAL INTELLIGENCE
Remainder of title BUILDING INTELLIGENT SYSTEMS
260 ## - PUBLICATION, DISTRIBUTION, ETC.
Place of publication, distribution, etc. DELHI
Name of publisher, distributor, etc. PHI LEARNING
Date of publication, distribution, etc. 2025
300 ## - PHYSICAL DESCRIPTION
Extent XXII, 506P.
500 ## - GENERAL NOTE
General note INCLUDES INDEX
650 ## - SUBJECT ADDED ENTRY
Topical term or geographic name entry element ARTIFICIAL INTELLIGENCE
700 ## - ADDED ENTRY--PERSONAL NAME
Personal name JOSHI, PRACHI
942 ## - ADDED ENTRY ELEMENTS (KOHA)
Source of classification or shelving scheme Library of Congress Classification
Koha item type Long Loan Book
Holdings
Withdrawn status Lost status Source of classification or shelving scheme Damaged status Not for loan Collection Home library Current library Shelving location Date acquired Inventory number Total checkouts Full call number Barcode Date last seen Copy number Price effective from Koha item type Date due Date last checked out
    Library of Congress Classification     Science & Technology Kisii University Library Kisii University Library On Display 12/18/2025 110428   Q 335 .K85 2025 000000001207 12/18/2025 C.1 12/18/2025 Long Loan Book    
    Library of Congress Classification     Science & Technology Kisii University Library Kisii University Library On Display 12/18/2025 110429 1 Q 335 .K85 2025 000000001208 02/10/2026 C.2 12/18/2025 Long Loan Book 05/11/2026 02/10/2026
    Library of Congress Classification     Science & Technology Kisii University Library Kisii University Library On Display 12/18/2025 110430   Q 335 .K85 2025 000000001209 12/18/2025 C.3 12/18/2025 Long Loan Book    
    Library of Congress Classification     Science & Technology Kisii University Library Kisii University Library On Display 12/18/2025 110431   Q 335 .K85 2025 000000001210 12/18/2025 C.4 12/18/2025 Long Loan Book